[Event "RUS-ch Higher League 69th"]
[Site "Kolomna"]
[Date "2016.06.29"]
[Round "7"]
[White "Alekseenko, Kirill"]
[Black "Gordievsky, Dmitry"]
[Result "1-0"]
[WhiteElo "2576"]
[BlackElo "2523"]
[Annotator "Mekhitarian,K"]
[PlyCount "67"]
[EventDate "2016.06.22"]
[EventType "swiss"]
[EventRounds "9"]
[EventCountry "RUS"]
[SourceTitle "CBM 174"]
[Source "ChessBase"]
[SourceDate "2016.09.13"]
[SourceVersion "1"]
[SourceVersionDate "2016.09.13"]
[SourceQuality "1"]

1. e4 c5 2. Nf3 d6 3. d4 cxd4 4. Nxd4 Nf6 5. Nc3 a6 6. Nb3 $5 {A move
repeatedly played in recent games by the Polish GM Mateusz Bartel, with
remarkable success. The main idea behind it is to wait and see how Black is
going to develop, and then choose what to do as White.} e5 (6... e6 7. g4 b5 8.
Bg2 Bb7 9. g5 b4 (9... Nfd7 10. h4 Nc6 11. f4 b4 12. Ne2 Qb6 13. Rh3 a5 14. Be3
$40 {with a sharp position: 1/2-1/2 (40) Bartel,M (2653)-Zubov,A (2612)
Gjakova 2016}) 10. Nd5 $5 Nxd5 $6 11. exd5 e5 12. a3 $1 {White can also play
positionally on the queenside.} Be7 13. axb4 Bxg5 14. Na5 Bc8 15. c4 $1 (15.
Bxg5 Qxg5 16. Qf3 O-O 17. Qg3 Qe7 18. O-O-O f5 19. f4 e4 $13 {1-0 (58) Bartel,
M (2625)-Wojtaszek,R (2713) Poznan 2016}) {followed by c5, was very strong
right away. For example} 15... O-O 16. c5 {with the positional threat of c6,
putting the b8-knight out of play forever.} Nd7 17. O-O Bxc1 (17... dxc5 $2 18.
d6 $18) 18. Nc6 Qh4 19. Rxc1 $16) (6... Nc6 7. Be3 $5 e6 ({Now} 7... Ng4 {
is not so strong (unlike in the normal classical variation of the Sicilian - 1.
e4 c5 2.Nf3 d6 3.d4 cxd4 4.Nxd4 Nf6 5.Nc3 Nc6 6.Be3?! Ng4!because if the
bishop leaves, then ...Qb6 is very annoying).} 8. Bg5 h6 9. Bh4 g5 10. Bg3 Bg7
$13 {going into a sub-variation of the English Attack in the Najdorf, which
may or may not be familiar to Black.}) 8. g4 b5 9. Bg2 Bb7 10. g5 Nd7 11. f4
Nb6 12. Qe2 Nc4 13. O-O-O Nxe3 14. Qxe3 Na5 15. f5 Nc4 16. Qg3 b4 17. Na4 e5
18. Nac5 Bc6 19. Bf1 $1 {and once again Black found himself in trouble:} Nb6
20. Nxa6 Be7 21. f6 gxf6 22. Nxb4 $5 (22. gxf6 $1 Bxf6 23. Qg2 $18 {
threatening Na5 and/or Nxb4, and Black does not have a decent defence.}) 22...
Bxe4 23. Bg2 $6 (23. Bb5+ Kf8 24. gxf6 Bxf6 25. Rhg1 Bg6 26. Rdf1 $40 {And the
attack would have been very strong again, Nc6 is a real threat, and also Kb1,
followed by h4.}) 23... Bg6 $2 (23... Bxg2 $1 24. Qxg2 f5 $132) 24. Bxa8 Qxa8
25. Qf2 Nd7 26. Nd5 Qxa2 27. gxf6 Bf8 28. Qd2 h5 29. Nc3 Qa6 30. Qf2 Bh6+ 31.
Kb1 O-O $13 {and Black escaped, after a horrible opening experience: 1/2-1/2 
(77) Bartel,M (2625)-Gelfand,B (2735) Moscow 2016}) (6... g6 7. Be2 Bg7 8. Be3
Nc6 9. Nd5 $5 {An interesting try by the top GM Vitiugov.} O-O (9... Nxd5 10.
exd5 Ne5 {should be comfortable for White with} 11. O-O $14 {next.}) 10. Bb6
Qd7 11. f3 Nh5 12. Be3 Rb8 13. g4 $5 Nf6 14. Nb6 Qc7 15. h4 Be6 16. c4 {
Trying to control all sorts of counterplay and making Nd5 even stronger.} h5
17. Nd5 Bxd5 $2 18. cxd5 Ne5 19. Rc1 Qd7 20. gxh5 {with a very difficult
position for Black. There were many different ways to deal with the position
before, but it's important to say that White's plan was very aggressive and
original, which makes it not easy at all to deal with.} gxh5 (20... Nxh5 {
was the best chance to survive:} 21. f4 Ng3 22. Rg1 Qh3 23. fxe5 Nxe4 24. Qd3
$1 {Creating a safe square for the king on d1.} Qxh4+ 25. Kd1 Bxe5 26. Kc2 $36
{and after Kb1 White has the best chances for sure.}) 21. Nd4 $1 {The knight
comes back to decide the game.} e6 22. Rg1 exd5 23. Bh6 Ng6 24. Bxg7 Kxg7 25.
Nf5+ Kg8 26. Qd4 Qe6 27. Rc7 $1 $18 Rbe8 28. Qd2 Nh7 29. Qh6 Qf6 30. Rxf7 {
1-0 (30) Vitiugov,N (2728)-Kovchan,A (2576) Biel 2016}) 7. Bg5 $5 Be6 8. Bxf6 {
The positional approach.} (8. Qd2 $5 Nbd7 9. O-O-O Rc8 10. f3 {Playing some
sort of an English Attack, but with the bishop on g5.} h5 11. Kb1 Be7 12. h4
Qc7 13. g3 b5 14. a3 O-O 15. Be2 Rfd8 16. f4 $40 {1-0 (45) Piorun,K (2681)
-Shevchenko,K (2438) Katowice 2016}) (8. f4 $5 exf4 9. Qd2 $36 {followed by
O-O-O and Bxf4, again reaching a position from the English Attack of the
Najdorf.}) 8... Qxf6 9. Nd5 Qd8 10. Be2 g6 11. Qd2 Nc6 12. Rd1 Rc8 13. c3 {
Normally these kind of positions are balanced, White has a nice control of the
d5-square, but Black has the bishop pair and prospects to play ...f5. I think
the main question is whether White can activate his b3-knight properly and be
ready to fight against ...f5. I would slightly prefer White here.} h5 14. O-O
Bh6 15. Qd3 O-O {I like this concept, which is something I use a lot in my
games - whenever my opponent has a bishop that I don't have anymore, I'm happy
to place all my pieces on the opposite color (all white pieces are on light
squares now!) and ideally many of my pawns on dark squares to limit that
bishop, which is not that easy to do here (the chain b2-c3 is doing a good job,
but g3-f4 is not easy to play and also risky).} 16. Rfe1 Kh7 17. Bf3 Qg5 18.
Nd2 {It is always important to reroute this knight back into the game 
(normally to f1-e3 or c4).} Ne7 19. Ne3 (19. Nf1 $2 {would be a big positional
mistake, allowing Black to take on d5 forcing a recapture with the pawn and
thus letting him create a pawn majority on the kingside. For example:} Nxd5 20.
exd5 Bd7 $17 {followed by f5, with a comfortable advantage.}) 19... Rcd8 20. a4
{White's positional idea is to play Ndc4-Nb6-Nd5. Meanwhile Black has to play .
..f5, and White is ready to play exf5 and try to create some weaknesses on
Black's camp.} f5 {Threatening the very strong ...d5!} 21. exf5 $1 gxf5 (21...
Nxf5 22. Nxf5 Bxf5 23. Ne4 {is very pleasant for White:} Qe7 24. Qc4 $16 {
followed by Qb4 with pressure on d6. And positionally White has a great
position, because the central squares are blockaded (e4, d5), meanwhile
Black's bishop on h6 is not doing much since we can always place all our
pieces on light squares (Rd3, Rfd1, etc).}) 22. Bxb7 a5 23. g3 $6 {Giving
Black real attacking chances on the kingside.} (23. Qa6 $1 {Going all-in on
the queenside and in the center is always an option when the position is open
like this. White is threatening Nf3 to take on d6. For example:} e4 (23... f4
$2 24. Nec4 $18 {and the black pawns collapse}) 24. Ndc4 Bxc4 25. Nxc4 Ng6 {
Threatening ...Nh4.} 26. Qxa5 $1 Nh4 27. Bxe4 $1 fxe4 28. Qxg5 Bxg5 29. Rxd6
$16 {with the much better endgame, already with four pawns for the piece, and
e4 is weak.}) 23... Qg7 $5 {Preparing ...Ng6.} (23... Kh8 $5 {with the idea of
f4 -} 24. Qa6 {with the same idea mentioned in the 23th move} (24. Nec4 Ng6 25.
Nxa5 h4 $40 {and Black's attack is building up to be scary.}) 24... f4 25. Ng2
{The knight looks awkard here.} fxg3 26. hxg3 Nf5 27. Nf3 (27. Ne4 Qg6 {
Threatening h4.} 28. Nxd6 Bb3 29. Nxf5 Qxa6 30. Bxa6 Rxd1 31. Rxd1 Bxd1 32.
Nxh6 Rf6 $1 33. Bb5 Rxh6 34. Ne3 Bb3 $13 {with a complex endgame, but Black is
not worse}) 27... Qf6 28. Be4 h4 29. Bxf5 Bxf5 30. Ngxh4 e4 31. Nh2 Bh3 $40)
24. Ng2 Ng6 25. Bd5 e4 {Good timing to sacrifice the piece.} 26. Nxe4 $1 (26.
Qb5 {was dangerous:} Bxd5 27. Qxd5 Ne5 $36) 26... Bxd5 27. Qxd5 fxe4 28. Rxe4
$44 {Now White has three pawns for the piece, and Black's king feels unsafe.
The position remains very complex.} Rb8 29. Re2 {Threatening to take either on
a5 or h5.} h4 $1 30. Rd4 (30. Qxd6 h3 31. Ne1 Rbd8 $5 (31... Rbe8 $5 $36) 32.
Qxd8 Rxd8 33. Rxd8 Qb7 $36) 30... h3 31. Nh4 Rbe8 (31... Nf4 $1 32. Rxf4 Rxf4
33. Qd3+ Kg8 34. Nf5 Qg5 $1 35. Nxh6+ Kg7 $1 {A nearly impossible idea to see
during the game.} 36. Qxd6 (36. Qd2 Rbf8 37. Re6 Kh8 $1 38. Rxd6 Rxa4 $3 $19 {
taking advantage of the back rank weakness.}) 36... Rf6 $1 37. Qd7+ Kxh6 38.
Qxh3+ Qh5 $17 {and who knows what's going on in this crazy endgame? Black has
to be better, but it is far from simple.}) 32. Rde4 (32. Rxe8 Rxe8 33. Re4 Qd7
34. Nxg6 Kxg6 35. Rxe8 Qxe8 36. Qxd6+ Kh7 37. Qd3+ Kg7 $11 {should be a draw.})
32... Rxe4 33. Qxe4 Rf4 $4 {I can only think that Black forgot for a second
that the g6-knight is pinned, thinking he would be able to play ...Nxh4+ after
34.gxf4.} 34. gxf4 {A painful way to lose a game, but there's nothing left to
do now.} (34. Qxg6+ Qxg6 35. Nxg6 Rxa4 {and Black wins, this was probably what
he analysed when choosing 33...Rf4??.}) 1-0

[Event "EU-ch 18th"]
[Site "Minsk"]
[Date "2017.06.01"]
[Round "3"]
[White "Jobava, Baadur"]
[Black "Sarana, Alexey"]
[Result "0-1"]
[WhiteElo "2713"]
[BlackElo "2472"]
[Annotator "Moradiabadi,E"]
[PlyCount "65"]
[EventDate "2017.05.30"]
[EventType "swiss"]
[EventRounds "11"]
[EventCountry "BLR"]
[SourceTitle "CBM 179"]
[Source "ChessBase"]
[SourceDate "2017.07.12"]
[SourceVersion "1"]
[SourceVersionDate "2017.07.12"]
[SourceQuality "1"]

1. e4 c5 2. Nf3 d6 3. d4 cxd4 4. Nxd4 Nf6 5. Nc3 a6 6. Bg5 Nbd7 7. Qe2 h6 8.
Bxf6 Nxf6 9. O-O-O e5 10. Nf5 g6 11. Ne3 Be6 12. Kb1 Rc8 13. Ned5 Bg7 14. h4 h5
15. g3 Nxd5 16. Nxd5 Rc5 17. Ne3 Qd7 18. Qd3 Rc6 19. Be2 f5 20. Bf3 Rb6 21. b3
O-O 22. exf5 gxf5 23. Bd5 e4 24. Qc4 Bf7 25. a4 Kh7 26. Bxf7 Rxf7 {Definitely
a big gambit for Jobava. After losing his second round game, the 2700 Georgian,
known for his flamboyant style has a very good position in the third round.
Unfortunately for him, he does not pay enough attention to his king when it is
needed.} 27. Ka2 $2 (27. Rd5 Qe6 (27... Rc6 28. Qe2 Kg6 29. Rhd1 {with a
winning attack.}) 28. Rxf5 Qxc4 29. Rxh5+ Kg8 30. Nxc4 Rc6 31. Rf1 b5 32. Nd2 {
should be winning.}) 27... Rf8 (27... Rc6 28. Qe2 b5 {was definitely better.})
28. Rd5 $2 {Losing?} (28. Qe2 {is safer}) 28... Rc8 29. Qe2 Rb4 30. Ra5 $4 {
This loses by force.} (30. Qxh5+ {does not seem to save White either.} Kg8 31.
Ka3 Rxa4+ 32. bxa4 Rc3+ 33. Kb2 Rxe3+ 34. Kc1 Ra3 35. Rhd1 Qe6 36. Qxf5 Qxf5
37. Rxf5 Bc3) (30. Ka3 Rxa4+ 31. bxa4 Rc3+ 32. Kb4 Qc6 33. a5 {seems just like
a draw.} Rxe3 34. fxe3 Qc3+ 35. Ka4 Qc6+ 36. Ka3 Qc3+ $11) 30... Rc5 {Mate is
unavoidable now.} 31. Ka3 Rxa5 32. Kxb4 Qc6 33. Qc4 (33. Qc4 Rxa4+ 34. bxa4
Qb6+ {and White has to lose the queen to prevent checkmate in one.}) 0-1

[Event "Tata Steel-A 74th"]
[Site "Wijk aan Zee"]
[Date "2012.01.22"]
[Round "8"]
[White "Giri, Anish"]
[Black "Gashimov, Vugar"]
[Result "0-1"]
[WhiteElo "2714"]
[BlackElo "2761"]
[Annotator "Postny,E"]
[PlyCount "76"]
[EventDate "2012.01.14"]
[EventType "tourn"]
[EventRounds "13"]
[EventCountry "NED"]
[EventCategory "21"]
[SourceTitle "CBM 147"]
[Source "ChessBase"]
[SourceDate "2012.03.16"]
[SourceVersion "1"]
[SourceVersionDate "2012.03.16"]
[SourceQuality "1"]

1. e4 c5 2. Nf3 d6 3. d4 cxd4 4. Nxd4 Nf6 5. Nc3 a6 6. Bg5 Nbd7 {This is a
reasonable alternative to the "Poisoned pawn" variation that starts after 6...
e6 7.f4 Qb6.} 7. Bc4 Qa5 (7... Qb6 8. Bb3 e6 9. Bxf6 Nxf6 10. f4 e5 11. Ba4+
Ke7 12. Nde2 exf4 13. Bb3 Be6 14. Nd4 g6 15. Qd2 Bh6 16. O-O-O Bxb3 17. axb3
Rhc8 $13 {1/2-1/2 Giri,A (2672)-Gelfand,B (2739)/Amsterdam 2010/CBM 138 (41)})
8. Qd2 e6 9. O-O-O b5 10. Bd5 $6 {This might be good as a surprise weapon, but,
objectively, not the best option.} ({White should fight for an advantage by
more positional measures:} 10. Bb3 Bb7 11. Rhe1 {and here Black often plays 11.
..0-0-0.}) 10... b4 $1 {The only move.} (10... exd5 $2 {ends in a disaster for
Black.} 11. Nc6 $1 Qc7 12. exd5 Ne5 13. Rhe1 Kd7 14. Qf4 Nfg4 15. Nxe5+ Nxe5
16. Rxe5 {1-0 Tatai,S (2361)-Tseitlin,M (2419)/Thessaloniki 2011/CBM 142 Extra}
) 11. Bxa8 bxc3 12. bxc3 {White couldn't take with the queen since the Bg5 was
hanging.} Qxa2 {It's clear that Black has good compensation for the exchange,
but the position is very sharp.} 13. Qe2 Be7 {Development above all!} (13...
Nb6 $2 14. Bc6+ Bd7 15. Bxd7+ Kxd7 16. Nb3 $16 {1-0 Espig,L-Roberts,M/
Harrachov 1967/MCD (32)}) 14. Kd2 $6 {The idea of Ra1 is clear, but, at first
White should protect the bishop.} (14. h4 $1 {The position is very rich in
content and could be analysed for days. Here are several critical lines:} h6 (
14... Ne5 15. Kd2 (15. Bc6+ Nxc6 16. Nxc6 Bb7 17. Kd2 $1 Bxc6 18. Ra1 Nxe4+ 19.
Qxe4 Bxe4 20. Rxa2 f6 21. Be3 Bxg2 22. Rg1 Bd5 23. Rxa6 Kf7 $11) 15... h6 16.
Nb3 Qa4 17. Ra1 Qd7 18. f4 hxg5 19. hxg5 Rxh1 20. Rxh1 Nfg4 21. Rh8+ Bf8 22.
fxe5 Nxe5 23. Nd4 Qc7 24. Nf3 $14) 15. Kd2 $1 Qa5 16. Ra1 (16. Nc6 Qc7 17. Nxe7
Kxe7 18. Be3 Ne5 $132) 16... Qc7 17. Bc6 O-O (17... hxg5 18. hxg5 Rxh1 19. Rxh1
Ng8 20. f4 $44) 18. Bxd7 Qxd7 19. Bxf6 Bxf6 20. g3 $14) {[%tqu "En","Please
enter a move for Black.","","","f6e4","",5]} 14... Nxe4+ $1 15. Qxe4 Bxg5+ 16.
f4 d5 {An important intermezzo that must have been seen before playing 14...
Nxe4.} 17. Ra1 $2 {This move practically admits the failure.} (17. Qe3 $1 Bf6 (
17... Nb6 $6 18. Bc6+ Bd7 19. Bxd7+ Kxd7 20. Ke2 $14) (17... Be7 18. Bc6 (18.
Nxe6 $6 fxe6 19. Qxe6 Kd8 20. Rhe1 Qa3 21. Qxd5 Qd6 $15) 18... O-O 19. Ra1 Qc4
20. Qd3 {White shouldn't be worse here.}) 18. Bc6 (18. Nxe6 fxe6 19. Qxe6+ Kd8)
18... O-O (18... Qa3 19. Nf5 $1 O-O $140 20. Ra1 {[%csl Ra3]}) 19. Ra1 Qc4 20.
Qd3 {White shouldn't be worse here either.}) 17... Qxa1 18. Rxa1 dxe4 19. fxg5
h6 {After massive simplifications Black has a big advantage in the endgame.}
20. g6 $1 {The only chance.} f5 21. Nxe6 Ke7 22. Nf4 (22. Nxg7 $2 Nb6 23. Bc6
Rg8 24. Nh5 Rxg6 $19 {[%csl Rc6,Rg2]}) 22... Rd8 $6 {Inaccuracy. Black should
have taken control over the d5-square immediately.} (22... Nb6 23. Nd5+ Nxd5
24. Bxd5 Rd8 25. c4 Rd6 {[%csl Rg6] and Black should win.}) 23. Bd5 $2 ({
The best chance was} 23. Nd5+ $1 Ke6 24. Ke3 Ne5 25. Nb6 $1 {This way White
grabs the a-pawn.} Kf6 26. Nxc8 Rxc8 27. Rxa6+ Kg5 $15) 23... Nb6 24. c4 Nxc4+
25. Kc3 Ne3 $19 26. Bf7 Rd6 27. Ra5 Bd7 28. Re5+ Kf6 29. Rc5 Kg5 {The king
invasion is decisive. White is not able to keep up the blockade.} 30. g3 Nf1
31. h4+ (31. Bd5 Nxh2 32. Bxe4 Nf1 $19) 31... Kg4 32. Rd5 Rxd5 33. Nxd5 Kxg3
34. Nf6 e3 35. Bc4 Bb5 36. Nh5+ Kf2 37. Nxg7 Bxc4 38. Kxc4 e2 0-1

[Event "Bundesliga 1112"]
[Site "Germany"]
[Date "2011.11.20"]
[Round "5.1"]
[White "Berg, Emanuel"]
[Black "Spoelman, Wouter"]
[Result "1-0"]
[WhiteElo "2575"]
[BlackElo "2563"]
[Annotator "RR"]
[PlyCount "49"]
[EventDate "2011.10.14"]
[EventType "team-tourn"]
[EventRounds "15"]
[EventCountry "GER"]
[SourceTitle "CBM 146"]
[Source "ChessBase"]
[SourceDate "2012.01.18"]
[SourceVersion "1"]
[SourceVersionDate "2012.01.18"]
[SourceQuality "1"]
[WhiteTeam "Dortmund Hansa"]
[BlackTeam "Emsdetten Turm"]
[WhiteTeamCountry "GER"]
[BlackTeamCountry "GER"]

1. e4 c5 2. Nf3 d6 3. d4 cxd4 4. Nxd4 Nf6 5. Nc3 a6 6. Bg5 Nbd7 7. f4 e5 8. Nf5
Qb6 9. Qd2 Qxb2 10. Rb1 Qa3 11. fxe5 dxe5 12. Bc4 g6 $2 (12... h6 13. Be3 $14)
13. Nd5 $18 gxf5 14. Nxf6+ Nxf6 15. Bxf6 Be6 16. Rb3 Qa4 17. Bxe6 fxe6 18. Bxh8
Rd8 19. Qe2 Bb4+ 20. c3 Bc5 21. Bxe5 Rd7 22. Rf1 Be3 23. Qxe3 Qxa2 24. Rb6 fxe4
25. Rf6 1-0

[Event "Amsterdam NH Hotels 5th"]
[Site "Amsterdam"]
[Date "2010.08.19"]
[Round "7"]
[White "Nakamura, Hikaru"]
[Black "Van Wely, Loek"]
[Result "1-0"]
[WhiteElo "2729"]
[BlackElo "2677"]
[Annotator "RR"]
[PlyCount "33"]
[EventDate "2010.08.12"]
[EventType "schev"]
[EventRounds "10"]
[EventCountry "NED"]
[SourceTitle "CBM 138"]
[Source "ChessBase"]
[SourceDate "2010.09.17"]
[SourceVersion "1"]
[SourceVersionDate "2010.09.17"]
[SourceQuality "1"]

1. e4 c5 2. Nf3 d6 3. d4 cxd4 4. Nxd4 Nf6 5. Nc3 a6 6. Bg5 Nbd7 7. f4 Qb6 $6 (
7... Qc7 $1) 8. Qd2 Qxb2 $2 9. Rb1 Qa3 10. Bxf6 $1 Nxf6 (10... gxf6 11. Nd5 Rb8
12. Rb3 Qxa2 13. Qb4 $1 a5 (13... Qa1+ 14. Kf2 a5 15. Nc7+ Kd8 16. Nde6+ fxe6
17. Nxe6+ Ke8 18. Qb5 $18 {[%cal Rb5h5]}) 14. Qc3 e6 15. Bb5 $18 {1-0 Van der
Wiel,J (2465)-Danner,G (2410)/Luzern 1982/EXT 1997 (19)}) 11. e5 dxe5 12. fxe5
Nd7 $2 (12... Ng4 13. Nd5 Qc5 14. Nb3 Qc6 15. Na5 Qd7 16. Nc4 e6 17. Ncb6 $6 (
17. Nd6+ Bxd6 18. Nb6 Qc6 19. exd6 Rb8 20. Be2 Nf6) 17... Qc6 18. Nxa8 exd5 19.
Be2 b5 20. Qa5 Ne3 21. Nc7+ Kd7 22. Nxb5 Bc5 23. Nd6 Bd4 24. c4 dxc4 25. Bf3
Nxg2+ 26. Bxg2 Qxg2 27. Rf1 Ke6 28. Qb4 Qd5 29. Nxc4 Rd8 30. Nd2 Qxe5+ 31. Kd1
f5 32. Re1 Be3 33. Qb3+ Kf6 34. Rxe3 Qxh2 35. Qc3+ Kf7 36. Qb3+ Kf6 37. Qc3+
Kf7 38. Kc2 f4 39. Rf3 Bf5+ 40. Kc1 Rc8 41. Nc4 Qg1+ 42. Kd2 Rd8+ 43. Ke2 Qxb1
44. Ne5+ Ke6 45. Qc6+ Kxe5 46. Qc7+ Rd6 47. Qxg7+ Kd5 {0-1 Smith,B (2468)
-Laznicka,V (2636)/Philadelphia 2010/CB26_2010}) 13. Nd5 $18 Qc5 14. Nb3 Qc6
15. Na5 Qc5 16. Nxb7 Qc6 (16... Bxb7 17. Rxb7 Rc8 18. Bxa6 $18) 17. Rb6 1-0